Mergers, Restructuring and corporate control (Record no. 3221)

MARC details
000 -LEADER
fixed length control field 00437nam a22001697a 4500
005 - DATE AND TIME OF LATEST TRANSACTION
control field 20180720104814.0
008 - FIXED-LENGTH DATA ELEMENTS--GENERAL INFORMATION
fixed length control field 160620b xxu||||| |||| 00| 0 eng d
020 ## - INTERNATIONAL STANDARD BOOK NUMBER
ISBN 978-81-203-1011-7
041 ## - LANGUAGE CODE
Language code of text/sound track or separate title eng
082 ## - DEWEY DECIMAL CLASSIFICATION NUMBER
Item number 8405
Classification number 658.162
100 ## - MAIN ENTRY--AUTHOR NAME
Personal name Weston J Fred and others
245 ## - TITLE STATEMENT
Title Mergers, Restructuring and corporate control
260 ## - PUBLICATION, DISTRIBUTION, ETC. (IMPRINT)
Name of publisher PHI
Year of publication 2008
Place of publication NEW DELHI
300 ## - PHYSICAL DESCRIPTION
Number of Pages 710p,
650 ## - SUBJECT ADDED ENTRY--TOPICAL TERM
Topical Term Management
942 ## - ADDED ENTRY ELEMENTS (KOHA)
Koha item type Books
Holdings
Lost status Damaged status Collection code Home library Current library Shelving location Date acquired Cost, normal purchase price Full call number Accession Number Koha item type
    MANAGEMENT JRU Library JRU Library SHELF-71-M 20/06/2016 395.00 658.3 8405 Books
    MANAGEMENT JRU Library JRU Library SHELF-71-M 20/06/2016 395.00 658.3 8406 Books
    MANAGEMENT JRU Library JRU Library SHELF-71-M 20/06/2016 395.00 658.3 8407 Books
    MANAGEMENT JRU Library JRU Library SHELF-71-M 20/06/2016 395.00 658.3 8408 Books
    MANAGEMENT JRU Library JRU Library SHELF-71-M 20/06/2016 395.00 658.3 8409 Books
    MANAGEMENT JRU Library JRU Library SHELF-71-M 20/06/2016 395.00 658.3 8410 Books
    MANAGEMENT JRU Library JRU Library SHELF-71-M 20/06/2016 395.00 658.3 8411 Books
    MANAGEMENT JRU Library JRU Library SHELF-71-M 20/06/2016 395.00 658.3 8412 Books
    MANAGEMENT JRU Library JRU Library SHELF-71-M 20/06/2016 395.00 658.3 8413 Books